[Event "Muensterland op 41st"]
[Site "Muenster"]
[Date "2024.10.16"]
[Round "6"]
[White "Sunko, Sviatoslav"]
[Black "Feldmann, Johannes"]
[Result "1/2-1/2"]
[WhiteElo "2045"]
[BlackElo "2209"]
[PlyCount "122"]
[EventDate "2024.10.12"]
[EventType "swiss"]
[EventRounds "9"]
[EventCountry "GER"]
[SourceTitle "CB43_2024"]
[Source "Chessbase"]
[SourceDate "2024.10.23"]
[SourceVersion "1"]
[SourceVersionDate "2024.10.23"]
[SourceQuality "1"]

1. d4 Nf6 2. g3 g6 3. Bg2 d5 4. Nf3 Bg7 5. 0-0 0-0 6. Nbd2 a5 7. a4 Na6 8. c3 c5 9. e3 Bf5 10. Ne5 Qc7 11. g4 Be6 12. f4 Ne8 13. Qf3 Nd6 14. Qg3 f6 15. Nd3 c4 16. Ne1 f5 17. g5 Ne4 18. Qh3 Qd7 19. Ndf3 Nc7 20. Nc2 b5 21. axb5 Nxb5 22. Re1 a4 23. Bf1 a3 24. bxa3 Nbxc3 25. Bd2 Nxd2 26. Nxd2 Rfb8 27. Nb4 Nb5 28. Nc2 Nc3 29. Nb4 Ne4 30. Nf3 Rc8 31. Qg2 Ra7 32. Rec1 Qd6 33. h4 Rca8 34. Nc2 Bf7 35. h5 gxh5 36. Nh4 Bg6 37. Rab1 Rb8 38. Rxb8+ Qxb8 39. Nb4 e6 40. Nc6 Qb3 41. Re1 Rxa3 42. Re2 c3 43. Rc2 Nd2 44. Bd3 Ra1+ 45. Kh2 Ra2 46. Rxa2 Qxa2 47. Nb4 Qb2 48. Nc2 Bf8 49. Nxf5 Kf7 50. Kh3 Qb3 51. Nh6+ Bxh6 52. gxh6 Bxd3 53. Qg7+ Ke8 54. Qg8+ Ke7 55. Qg7+ Kd6 56. Qf8+ Kc7 57. Qe7+ Kb6 58. Qc5+ Kb7 59. Qe7+ Kb6 60. Qc5+ Kb7 61. Qe7+ Kb6 1/2-1/2

[Event "Bamberg op 6th"]
[Site "Bamberg"]
[Date "2024.09.07"]
[Round "6"]
[White "Feldmann, Johannes"]
[Black "Koellner, Christof"]
[Result "1/2-1/2"]
[WhiteElo "2205"]
[BlackElo "2096"]
[PlyCount "35"]
[EventDate "2024.09.04"]
[EventType "swiss"]
[EventRounds "7"]
[EventCountry "GER"]
[SourceTitle "EXT 2025"]
[Source "ChessBase"]
[SourceDate "2024.10.14"]
[SourceVersion "1"]
[SourceVersionDate "2024.10.14"]
[SourceQuality "1"]

1. c4 e5 2. g3 Nc6 3. Bg2 Bc5 4. Nc3 d6 5. Nf3 f5 6. 0-0 Nf6 7. e3 0-0 8. d4 Bb6 9. Na4 Qe7 10. a3 e4 11. Nd2 Nd8 12. f3 exf3 13. Qxf3 Bd7 14. Nxb6 axb6 15. b3 Nf7 16. Bb2 Ng5 17. Qe2 Nfe4 18. d5 1/2-1/2

[Event "Bamberg op 6th"]
[Site "Bamberg"]
[Date "2024.09.05"]
[Round "2"]
[White "Hertel, Johannes"]
[Black "Feldmann, Johannes"]
[Result "0-1"]
[WhiteElo "2039"]
[BlackElo "2205"]
[PlyCount "76"]
[EventDate "2024.09.04"]
[EventType "swiss"]
[EventRounds "7"]
[EventCountry "GER"]
[SourceTitle "EXT 2025"]
[Source "ChessBase"]
[SourceDate "2024.10.14"]
[SourceVersion "1"]
[SourceVersionDate "2024.10.14"]
[SourceQuality "1"]

1. d4 Nf6 2. c4 g6 3. g3 Bg7 4. Bg2 d5 5. cxd5 Nxd5 6. e4 Nb6 7. Ne2 0-0 8. 0-0 e5 9. d5 c6 10. Nec3 cxd5 11. exd5 N8d7 12. a4 Nf6 13. Qb3 Bf5 14. a5 Nbd7 15. Rd1 Nc5 16. Qb5 Rc8 17. Be3 a6 18. Qb4 Nfd7 19. Bf1 e4 20. h3 h5 21. Nd2 Re8 22. Nc4 Be5 23. d6 Nd3 24. Rxd3 exd3 25. Nd5 Be6 26. Ncb6 Nxb6 27. Bxb6 Bxd6 28. Qd4 Be5 29. Ne7+ Qxe7 30. Qxe5 Bc4 31. Qf4 Qe4 32. Qxe4 Rxe4 33. Rd1 Re7 34. h4 Rce8 35. Be3 Rd7 36. Rd2 Bb5 37. Bh3 Rc7 38. Bf1 Rc2 0-1

[Event "Bamberg op 6th"]
[Site "Bamberg"]
[Date "2024.09.04"]
[Round "1"]
[White "Feldmann, Johannes"]
[Black "Zimmermann, Felix"]
[Result "1-0"]
[WhiteElo "2205"]
[BlackElo "1952"]
[PlyCount "99"]
[EventDate "2024.09.04"]
[EventType "swiss"]
[EventRounds "7"]
[EventCountry "GER"]
[SourceTitle "EXT 2025"]
[Source "ChessBase"]
[SourceDate "2024.10.14"]
[SourceVersion "1"]
[SourceVersionDate "2024.10.14"]
[SourceQuality "1"]

1. d4 d5 2. c4 e6 3. Nc3 Nf6 4. cxd5 exd5 5. Bg5 Be7 6. e3 0-0 7. Bd3 c6 8. Qc2 h6 9. Bf4 Bd6 10. Nge2 Nh5 11. Bxd6 Qxd6 12. h3 f5 13. g3 Be6 14. 0-0-0 Nf6 15. Nf4 Ne4 16. g4 fxg4 17. Nxe4 dxe4 18. Bc4 Bxc4 19. Qxc4+ Kh8 20. hxg4 Nd7 21. g5 Rxf4 22. exf4 Qxf4+ 23. Kb1 Qxg5 24. Qf7 Qd5 25. Qxd5 cxd5 26. Rc1 Rf8 27. Rc7 Nb6 28. Rg1 g5 29. Rh1 Rf6 30. Rxb7 Nc4 31. b3 Nd2+ 32. Kb2 Rxf2 33. Rxh6+ Kg8 34. Rg6+ Kf8 35. Rh6 Kg8 36. Kc3 Nb1+ 37. Kb4 Rxa2 38. Rg6+ Kf8 39. Rd6 a5+ 40. Kb5 Ke8 41. Rh6 Nc3+ 42. Kc6 Rf2 43. Rh8+ Rf8 44. Rb8+ Kf7 45. Rbxf8+ Kg6 46. Rfg8+ Kf5 47. Rh5 Kf4 48. Rgxg5 Ke3 49. Rxd5 Nxd5 50. Kxd5 1-0

[Event "Oberliga Sued W 2324"]
[Site "Germany"]
[Date "2024.01.14"]
[Round "5.5"]
[White "Feldmann, Johannes"]
[Black "Yakovenko, Oleg"]
[Result "1/2-1/2"]
[WhiteElo "2208"]
[BlackElo "2255"]
[PlyCount "75"]
[EventDate "2023.09.17"]
[EventType "team-tourn"]
[EventRounds "9"]
[EventCountry "GER"]
[SourceTitle "EXT 2025"]
[Source "ChessBase"]
[SourceDate "2024.10.14"]
[SourceVersion "1"]
[SourceVersionDate "2024.10.14"]
[SourceQuality "1"]
[WhiteTeam "Worms"]
[BlackTeam "Kaiserslautern"]
[WhiteTeamCountry "GER"]
[BlackTeamCountry "GER"]

1. c4 Nf6 2. Nc3 e5 3. g3 d5 4. cxd5 Nxd5 5. Bg2 Nb6 6. d3 Be7 7. Be3 0-0 8. Rc1 Re8 9. Nf3 Nc6 10. 0-0 Bf8 11. d4 exd4 12. Nxd4 Nxd4 13. Qxd4 Qxd4 14. Bxd4 c6 15. a4 Nc4 16. Ne4 Nd6 17. Nxd6 Bxd6 18. e4 a5 19. Rfd1 Bb4 20. f3 Be6 21. Bc5 f6 22. Bf1 Kf7 23. Bb6 Bb3 24. Bc4+ Bxc4 25. Rxc4 Ra6 26. Bc5 Bxc5+ 27. Rxc5 Rb6 28. Rd2 Re5 29. Rc4 Rb3 30. Kf2 Ke8 31. Rcd4 b5 32. Rd6 bxa4 33. Rxc6 Re7 34. Ra6 Reb7 35. Rxa5 Rxb2 36. Rxb2 Rxb2+ 37. Ke3 Rxh2 38. Rxa4 1/2-1/2

[Event "Oberliga Sued W 2324"]
[Site "Germany"]
[Date "2023.12.03"]
[Round "4.4"]
[White "Feldmann, Johannes"]
[Black "Kuhn, Daniel"]
[Result "1-0"]
[WhiteElo "2200"]
[BlackElo "1947"]
[PlyCount "67"]
[EventDate "2023.09.17"]
[EventType "team-tourn"]
[EventRounds "9"]
[EventCountry "GER"]
[SourceTitle "EXT 2025"]
[Source "ChessBase"]
[SourceDate "2024.10.14"]
[SourceVersion "1"]
[SourceVersionDate "2024.10.14"]
[SourceQuality "1"]
[WhiteTeam "Worms"]
[BlackTeam "Landau"]
[WhiteTeamCountry "GER"]
[BlackTeamCountry "GER"]

1. c4 e5 2. Nc3 Nf6 3. Nf3 Nc6 4. g3 d5 5. cxd5 Nxd5 6. Bg2 Nb6 7. 0-0 Be7 8. a3 0-0 9. b4 Be6 10. b5 Nd4 11. Rb1 f6 12. e3 Nxf3+ 13. Bxf3 Bc4 14. Bxb7 f5 15. Re1 Bd3 16. Rb3 Rb8 17. Bg2 Bc5 18. a4 e4 19. f3 Qe7 20. a5 Nc4 21. Nd5 Qd7 22. fxe4 fxe4 23. Nf4 Nxa5 24. Rxd3 exd3 25. Bd5+ Kh8 26. Be4 Rxf4 27. gxf4 Rb6 28. Qh5 Bxe3+ 29. Rxe3 Rh6 30. Rxd3 Qe7 31. Qxh6 gxh6 32. Bb2+ Kg8 33. Bd5+ Kf8 34. Ba3 1-0

[Event "Oberliga Sued W 2324"]
[Site "Germany"]
[Date "2023.10.15"]
[Round "2.3"]
[White "Gress, Alexander"]
[Black "Feldmann, Johannes"]
[Result "0-1"]
[WhiteElo "2091"]
[BlackElo "2192"]
[PlyCount "50"]
[EventDate "2023.09.17"]
[EventType "team-tourn"]
[EventRounds "9"]
[EventCountry "GER"]
[SourceTitle "EXT 2025"]
[Source "ChessBase"]
[SourceDate "2024.10.14"]
[SourceVersion "1"]
[SourceVersionDate "2024.10.14"]
[SourceQuality "1"]
[WhiteTeam "Schwarzenbach Caissa"]
[BlackTeam "Worms"]
[WhiteTeamCountry "GER"]
[BlackTeamCountry "GER"]

1. e4 c6 2. d4 d5 3. e5 c5 4. dxc5 e6 5. Nf3 Bxc5 6. Bd3 Ne7 7. 0-0 Ng6 8. a3 0-0 9. b4 Be7 10. Re1 a5 11. bxa5 Nc6 12. Bb2 Nxa5 13. Nbd2 Bd7 14. Nd4 Qc7 15. Qh5 Nc4 16. Bc1 f5 17. exf6 Bxf6 18. N2f3 Qc5 19. c3 e5 20. Bg5 exd4 21. Bxf6 Rxf6 22. Ng5 h6 23. Bxg6 Rxg6 24. Qxg6 hxg5 25. cxd4 Qxd4 0-1

[Event "Oberliga Sued W 2223"]
[Site "Germany"]
[Date "2023.04.23"]
[Round "8.4"]
[White "Maeurer, Fabian"]
[Black "Feldmann, Johannes"]
[Result "1/2-1/2"]
[WhiteElo "2015"]
[BlackElo "2237"]
[PlyCount "44"]
[EventDate "2022.10.23"]
[EventType "team-tourn"]
[EventRounds "9"]
[EventCountry "GER"]
[SourceTitle "EXT 2025"]
[Source "ChessBase"]
[SourceDate "2024.10.14"]
[SourceVersion "1"]
[SourceVersionDate "2024.10.14"]
[SourceQuality "1"]
[WhiteTeam "Frankenthal"]
[BlackTeam "Worms"]
[WhiteTeamCountry "GER"]
[BlackTeamCountry "GER"]

1. e4 c6 2. Nc3 d5 3. g3 d4 4. Nce2 c5 5. d3 Nc6 6. Bg2 e5 7. f4 Nf6 8. Nf3 g6 9. 0-0 Bg7 10. h3 exf4 11. gxf4 0-0 12. Ng3 Qc7 13. Nh2 Rd8 14. Ng4 c4 15. Nxf6+ Bxf6 16. a3 Bg7 17. dxc4 Na5 18. b3 d3 19. e5 Qb6+ 20. Kh1 dxc2 21. Qxc2 Qxb3 22. Qxb3 Nxb3 1/2-1/2

[Event "Oberliga Sued W 2223"]
[Site "Germany"]
[Date "2022.11.27"]
[Round "2.4"]
[White "Feldmann, Johannes"]
[Black "Horacek, Helmut"]
[Result "1-0"]
[WhiteElo "2234"]
[BlackElo "1977"]
[PlyCount "43"]
[EventDate "2022.10.23"]
[EventType "team-tourn"]
[EventRounds "9"]
[EventCountry "GER"]
[SourceTitle "EXT 2025"]
[Source "ChessBase"]
[SourceDate "2024.10.14"]
[SourceVersion "1"]
[SourceVersionDate "2024.10.14"]
[SourceQuality "1"]
[WhiteTeam "Worms"]
[BlackTeam "Saarbruecken SVG"]
[WhiteTeamCountry "GER"]
[BlackTeamCountry "GER"]

1. c4 Nf6 2. Nc3 d5 3. cxd5 Nxd5 4. Nf3 g6 5. d4 Bg7 6. e4 Nxc3 7. bxc3 c5 8. Rb1 0-0 9. Be2 Nc6 10. d5 Bxc3+ 11. Bd2 Bxd2+ 12. Qxd2 Nd4 13. Nxd4 cxd4 14. Qxd4 Qa5+ 15. Qd2 Qxd2+ 16. Kxd2 b6 17. Rbc1 e6 18. Bc4 Bb7 19. dxe6 Bxe4 20. Rhe1 Bxg2 21. e7 Rfc8 22. Bb5 1-0

[Event "Oberliga Sued W 2223"]
[Site "Germany"]
[Date "2022.10.23"]
[Round "1.5"]
[White "Feldmann, Johannes"]
[Black "Holle, Cedric"]
[Result "1-0"]
[WhiteElo "2234"]
[BlackElo "2122"]
[PlyCount "113"]
[EventDate "2022.10.23"]
[EventType "team-tourn"]
[EventRounds "9"]
[EventCountry "GER"]
[SourceTitle "EXT 2025"]
[Source "ChessBase"]
[SourceDate "2024.10.14"]
[SourceVersion "1"]
[SourceVersionDate "2024.10.14"]
[SourceQuality "1"]
[WhiteTeam "Worms"]
[BlackTeam "Schwarzenbach Caissa"]
[WhiteTeamCountry "GER"]
[BlackTeamCountry "GER"]

1. c4 e5 2. Nc3 Nf6 3. Nf3 Nc6 4. g3 Bb4 5. Bg2 0-0 6. 0-0 e4 7. Ng5 Bxc3 8. bxc3 Re8 9. f3 e3 10. d3 d5 11. Qb3 Na5 12. Qa3 c6 13. cxd5 cxd5 14. f4 Bg4 15. Nf3 Rc8 16. h3 Bxf3 17. Bxf3 h5 18. h4 b6 19. Bb2 Qd7 20. Kg2 Qf5 21. Rad1 Rcd8 22. Qa4 Re6 23. c4 d4 24. Qb5 Qxb5 25. cxb5 Re7 26. Rc1 g6 27. Rc2 Ne8 28. Rfc1 f5 29. Ba3 Red7 30. Bb4 Kf7 31. Bxa5 bxa5 32. Rc6 Rd6 33. R1c4 Rxc6 34. bxc6 Nc7 35. Ra4 Ke6 36. Rxa5 a6 37. Ra4 Ke7 38. Kh2 Rd6 39. Kg2 Kd8 40. Ra5 Kc8 41. Kf1 Kb8 42. a4 Rd8 43. Re5 Re8 44. Rxe8+ Nxe8 45. Bd5 Nd6 46. a5 Kc7 47. Ke1 Nc8 48. Bc4 Kxc6 49. Bxa6 Nd6 50. Bc4 Kc5 51. Kd1 Kc6 52. Kc2 Kc5 53. a6 Kb6 54. Kb3 Ka7 55. Kb4 Kb6 56. a7 Kxa7 57. Kc5 1-0

[Event "BL2-Sued 1920"]
[Site "Germany"]
[Date "2020.02.07"]
[Round "4.4"]
[White "Menezes, Christoph"]
[Black "Feldmann, Johannes"]
[Result "1/2-1/2"]
[WhiteElo "2423"]
[BlackElo "2198"]
[PlyCount "61"]
[EventDate "2019.10.19"]
[EventType "team-tourn"]
[EventRounds "11"]
[EventCountry "GER"]
[SourceTitle "CBM 194 Extra"]
[Source "ChessBase"]
[SourceDate "2020.03.31"]
[SourceVersion "1"]
[SourceVersionDate "2020.03.31"]
[SourceQuality "1"]
[WhiteTeam "Schoenaich"]
[BlackTeam "Worms"]
[WhiteTeamCountry "GER"]
[BlackTeamCountry "GER"]

1. Nf3 Nf6 2. c4 e6 3. Nc3 d5 4. e3 Bd6 5. b3 0-0 6. Bb2 b6 7. Qc2 Bb7 8. cxd5 exd5 9. Nb5 c5 10. Nxd6 Qxd6 11. d4 Nbd7 12. Be2 Ne4 13. 0-0 Rae8 14. Rfd1 f5 15. g3 Re7 16. Rac1 Ndf6 17. Ba3 Ng4 18. dxc5 Qh6 19. c6 Nexf2 20. Bf1 Rxe3 21. Nh4 f4 22. cxb7 fxg3 23. h3 g2 24. Qc8 Nxh3+ 25. Kxg2 Rg3+ 26. Kxg3 Qf4+ 27. Kxh3 Nf2+ 28. Kg2 Qe4+ 29. Kg3 Qf4+ 30. Kg2 Qe4+ 31. Kg3 1/2-1/2

[Event "BL2-Sued 1920"]
[Site "Germany"]
[Date "2019.10.19"]
[Round "1.4"]
[White "Feldmann, Johannes"]
[Black "Medvegy, Zoltan"]
[Result "1/2-1/2"]
[WhiteElo "2198"]
[BlackElo "2539"]
[PlyCount "34"]
[EventDate "2019.10.19"]
[EventType "team-tourn"]
[EventRounds "11"]
[EventCountry "GER"]
[SourceTitle "CBM 194 Extra"]
[Source "ChessBase"]
[SourceDate "2020.03.31"]
[SourceVersion "1"]
[SourceVersionDate "2020.03.31"]
[SourceQuality "1"]
[WhiteTeam "Worms"]
[BlackTeam "Eppingen"]
[WhiteTeamCountry "GER"]
[BlackTeamCountry "GER"]

1. d4 Nf6 2. c4 c5 3. Nf3 cxd4 4. Nxd4 e5 5. Nb5 d5 6. cxd5 Bc5 7. N5c3 0-0 8. g3 e4 9. Bg2 Bf5 10. 0-0 Nbd7 11. Be3 Qe7 12. Bxc5 Qxc5 13. Na3 Nb6 14. Rc1 Qb4 15. Nab5 Rfd8 16. a3 Qe7 17. d6 Qe5 1/2-1/2

[Event "Pfalz op 10th"]
[Site "Neustadt an der Weinstrasse"]
[Date "2019.03.04"]
[Round "7"]
[White "Feldmann, Johannes"]
[Black "Hinrichs, Paul"]
[Result "1/2-1/2"]
[WhiteElo "2201"]
[BlackElo "2058"]
[PlyCount "45"]
[EventDate "2019.03.01"]
[EventType "swiss"]
[EventRounds "9"]
[EventCountry "GER"]
[SourceTitle "CBM 189 Extra"]
[Source "ChessBase"]
[SourceDate "2019.05.31"]
[SourceVersion "1"]
[SourceVersionDate "2019.05.31"]
[SourceQuality "1"]

1. d4 d5 2. c4 c6 3. Nc3 Nf6 4. e3 e6 5. Nf3 Nbd7 6. Bd3 dxc4 7. Bxc4 b5 8. Bd3 a6 9. a4 b4 10. Ne4 Bb7 11. 0-0 a5 12. Qe2 Nxe4 13. Bxe4 Be7 14. Rd1 0-0 15. Ne5 Nxe5 16. dxe5 Qc7 17. Qc2 g6 18. b3 Rac8 19. Bb2 Ba6 20. Bd3 Bxd3 21. Rxd3 c5 22. Qc4 Rfd8 23. Rad1 1/2-1/2

[Event "Pfalz op 10th"]
[Site "Neustadt an der Weinstrasse"]
[Date "2019.03.02"]
[Round "2"]
[White "Feldmann, Johannes"]
[Black "Dann, Matthias"]
[Result "1/2-1/2"]
[WhiteElo "2201"]
[BlackElo "2531"]
[PlyCount "116"]
[EventDate "2019.03.01"]
[EventType "swiss"]
[EventRounds "9"]
[EventCountry "GER"]
[SourceTitle "CBM 189 Extra"]
[Source "ChessBase"]
[SourceDate "2019.05.31"]
[SourceVersion "1"]
[SourceVersionDate "2019.05.31"]
[SourceQuality "1"]

1. d4 Nf6 2. c4 g6 3. Nc3 Bg7 4. e4 0-0 5. Nf3 d6 6. Be2 e5 7. 0-0 Nc6 8. d5 Ne7 9. Qc2 Nh5 10. Rd1 a6 11. g3 Bg4 12. Nh4 Bxe2 13. Qxe2 Qe8 14. Bg5 f6 15. Bd2 f5 16. f3 Kh8 17. Ng2 Qd7 18. b4 Rf7 19. Rf1 Raf8 20. c5 c6 21. Be3 f4 22. cxd6 Nxd5 23. exd5 fxe3 24. dxc6 Qxd6 25. cxb7 Rxb7 26. a3 Qd4 27. Rac1 Bh6 28. Rfd1 Qa7 29. Nd5 Rbf7 30. Rf1 Rd7 31. Rc5 Rfd8 32. Ndxe3 Bf8 33. Rc2 a5 34. Kh1 axb4 35. axb4 Bxb4 36. Ng4 Re7 37. Nxe5 Bd6 38. f4 Bxe5 39. fxe5 Rde8 40. Qg4 Rxe5 41. Rc8 Kg7 42. Rxe8 Rxe8 43. Nf4 Qb7+ 44. Qf3 Qxf3+ 45. Rxf3 Nf6 46. Kg2 g5 47. Nd3 Kg6 48. h4 h6 49. hxg5 hxg5 50. Nf2 Re2 51. Ra3 Ne4 52. Kf3 Rxf2+ 53. Kxe4 Kh5 54. Ke3 Rf5 55. Ra4 g4 56. Rf4 Ra5 57. Kf2 Ra2+ 58. Kg1 Ra3 1/2-1/2

[Event "Munich OIS op 37th"]
[Site "Munich"]
[Date "2017.09.30"]
[Round "1"]
[White "Kornitzky, Tino"]
[Black "Feldmann, Johannes"]
[Result "0-1"]
[WhiteElo "1943"]
[BlackElo "2208"]
[PlyCount "46"]
[EventDate "2017.09.30"]
[EventType "swiss"]
[EventRounds "9"]
[EventCountry "GER"]
[SourceTitle "CBM 181 Extra"]
[Source "ChessBase"]
[SourceDate "2017.12.12"]
[SourceVersion "1"]
[SourceVersionDate "2017.12.12"]
[SourceQuality "1"]

1. d4 d5 2. c4 e6 3. g3 Nf6 4. Bg2 Bb4+ 5. Bd2 Be7 6. Nf3 c6 7. 0-0 Ne4 8. Bf4 0-0 9. Nbd2 f5 10. Qc2 Nd7 11. cxd5 exd5 12. Ne5 Nxe5 13. Bxe5 Be6 14. f4 Rc8 15. Rfd1 Qb6 16. Bxe4 dxe4 17. e3 c5 18. Nc4 cxd4 19. Nxb6 Rxc2 20. Na4 b5 21. Rac1 Rfc8 22. Nc3 Rxc1 23. Rxc1 dxc3 0-1

[Event "Deizisau op 11th"]
[Site "Deizisau"]
[Date "2016.10.29"]
[Round "3"]
[White "Feldmann, Johannes"]
[Black "Vuckovic, Aleksandar"]
[Result "1/2-1/2"]
[WhiteElo "2159"]
[BlackElo "2324"]
[PlyCount "70"]
[EventDate "2016.10.28"]
[EventType "swiss"]
[EventRounds "7"]
[EventCountry "GER"]
[SourceTitle "EXT 2018"]
[Source "ChessBase"]
[SourceDate "2017.10.13"]
[SourceVersion "1"]
[SourceVersionDate "2017.10.13"]
[SourceQuality "1"]

1. d4 Nf6 2. c4 e5 3. dxe5 Ng4 4. Bf4 Nc6 5. Nf3 Bb4+ 6. Nbd2 Qe7 7. a3 Ngxe5 8. Nxe5 Nxe5 9. e3 Bxd2+ 10. Qxd2 d6 11. Qc3 f6 12. Be2 0-0 13. 0-0 b6 14. b4 Ba6 15. b5 Bb7 16. a4 Nd7 17. a5 Rab8 18. Rfe1 Nc5 19. h3 f5 20. Bf1 g5 21. Bh2 Rf6 22. axb6 axb6 23. Ra7 Qg7 24. Qd4 Rf7 25. Qxg7+ Kxg7 26. f3 Kf6 27. Bg3 Rff8 28. Be2 Ra8 29. Rea1 Rxa7 30. Rxa7 Ra8 31. Rxa8 Bxa8 32. Kf1 Bb7 33. Ke1 Bc8 34. Kd2 Be6 35. Kc3 Ke7 1/2-1/2

[Event "Heusenstamm Sparkassen op-A 2nd"]
[Site "Heusenstamm"]
[Date "2015.11.26"]
[Round "1"]
[White "Schellen, Sven"]
[Black "Feldmann, Johannes"]
[Result "0-1"]
[WhiteElo "1813"]
[BlackElo "2145"]
[PlyCount "82"]
[EventDate "2015.11.26"]
[EventType "swiss"]
[EventRounds "7"]
[EventCountry "GER"]
[SourceTitle "EXT 2018"]
[Source "ChessBase"]
[SourceDate "2017.10.13"]
[SourceVersion "1"]
[SourceVersionDate "2017.10.13"]
[SourceQuality "1"]

1. d4 Nf6 2. c4 c5 3. Nf3 e6 4. Nc3 d5 5. cxd5 Nxd5 6. e4 Nxc3 7. bxc3 cxd4 8. cxd4 Bb4+ 9. Bd2 Bxd2+ 10. Qxd2 0-0 11. Bc4 Nd7 12. 0-0 b6 13. Rfe1 Bb7 14. Rad1 Rc8 15. Bb3 Qf6 16. Qg5 Rc3 17. Qg4 Qh6 18. Qg5 Qf6 19. Qg4 Rfc8 20. d5 Nc5 21. e5 Qg6 22. Qxg6 hxg6 23. dxe6 fxe6 24. Ng5 Nxb3 25. axb3 Bd5 26. b4 Kf8 27. f3 Rb3 28. Rc1 Rc4 29. Rxc4 Bxc4 30. Re4 Rxb4 31. Nxe6+ Ke7 32. Nf4 a5 33. Nxg6+ Ke8 34. Nf4 a4 35. Nh5 a3 36. Nxg7+ Kf7 37. e6+ Kxg7 38. e7 Rb1+ 39. Kf2 Bb5 40. e8Q Bxe8 41. Rxe8 a2 0-1